| 000 | 00677nam a22002177a 4500 | ||
|---|---|---|---|
| 003 | KOHA_MİRAKIL | ||
| 005 | 20260602101032.0 | ||
| 008 | 260602b tu ||||| |||| 00| 0 tur d | ||
| 020 | _a9786057903594 | ||
| 040 |
_aTR-AnABB _btur _cTR-AnABB |
||
| 041 | _atur | ||
| 082 |
_a811.42 _bSEN 2019 |
||
| 100 | 1 | _aŞenol, Mesut | |
| 245 | 1 | 0 |
_aPossano i nostri sogni cambiare il mondo = _bcould our dreams change the world / _cMesut Şenol |
| 250 | _a1. baskı | ||
| 260 |
_aİstanbul : _bArtshop, _c2019 |
||
| 300 |
_a104 sayfa ; _c18 cm |
||
| 490 | 0 |
_aArtshop Dünya Edebiyatı Platformu Şiir Dizisi ; _v29 |
|
| 650 | 0 | 4 | _aTürk edebiyatı, şiir |
| 942 |
_2ddc _cBK |
||
| 999 |
_c10395 _d10395 |
||
| 900 | _bCan ÇELIK | ||